Statistics for Cat- Vocabulary Words Quiz

Click here to take the quiz!

General Stats

  • This quiz has been taken 45,005 times
    (33,760 since last reset)
  • The average score is 14 of 20

Answer Stats

Definition Word % Correct
Runway for modelsCatwalk
94%
Battle between two womenCatfight
93%
It becomes a butterflyCaterpillar
93%
Short sleepCatnap
90%
Terrible disasterCatastrophe
88%
Cats go bonkers for this substanceCatnip
85%
Underground tombs/passages below a cityCatacombs
83%
Sexist whistle at an attractive womanCatcall
82%
Medieval weapon used for launching objectsCatapult
82%
Clouding of the eye's lensCataract
78%
It accelerates a chemical reactionCatalyst
77%
Animals of the bovine persuasionCattle
72%
Skin-tight, one-piece, full-body garmentCatsuit
70%
Another spelling of ketchupCatsup
69%
Twin-hulled racing sailboatCatamaran
63%
In a state of stuporCatatonic
55%
What violin strings were made ofCatgut
47%
Catholic study bookCatechism
47%
Sudden disaster, especially a floodCataclysm
35%
Another name for a mountain lionCatamount
10%

Score Distribution

Percentile by Number Answered

Percent of People with Each Score

Your Score History

You have not taken this quiz since the last reset